000 00455nam a2200193Ia 4500
008 151119s9999||||xx |||||||||||||| ||und||
082 _a891.461
082 _bGKKV20336
100 _aमाधव वसंत
245 _aधुनी
260 _a--
260 _b--
260 _c1999
600 _aमाधव वसंत
630 _aधुनी
700 _aमाधव वसंत
730 _aधुनी
942 _cBOOK
999 _c1073220
_d1073217